• 首页
  • 本馆介绍
  • 公告通知
  • 最新文献
  • 馆藏检索
  • 电子资源
  • 读者导购
  • 参考咨询
  • 我的图书馆
  • 登录
  • 详细信息显示
  • 放入我的书架
  • 预约/预借图书
  • 作者相关作品
  • 分类相关作品
  • 丛书相关作品
  • 出版社相关作品

书目信息

  • 表格格式
  • 工作单格式
  • 卡片格式
题名:
筑起新世纪的长城
    
 
作者: 刘朝福 , 季广智 主编
分册:  
出版信息: 乌鲁木齐   新疆青少年出版社  2005
页数: 274页
开本: 21cm
丛书名:
单 册:
中图分类: E25
科图分类:
主题词: 国防建设--研究--中国 , 国防建设
电子资源:
ISBN: 7-5371-3565-7
000 01090nam0 2200277 45
001 012006061401
005 20070709082421.67
010    @a7-5371-3565-7@dCNY22.00
092    @aCN@b99750
100    @a20060614d2005 em y0chiy0120 ea
101 0  @achi
102    @aCN@b650000
105    @aa z 000yy
200 1  @a筑起新世纪的长城@Azhu qi xin shi ji de chang cheng@e中国国防纵横@Ezhong guo guo fang zong heng@f刘朝福,季广智编著@Fliu chao fu, ji guang zhi bian zhu
205    @a修订版
210    @a乌鲁木齐@c新疆青少年出版社@d2005
215    @a274页@c照片@d21cm
330    @a本书以翔实的史事,论述了国家与国防的关系、党的三代领导核心的国防建设思想,回顾了中国国防的发展,阐明了全社会每一位公民在国防建设中的职责、义务、权利和中国国防动员的思想、形象,展望了走向21世纪的中国现代国防建设的远大目标。
517 1  @a中国国防纵横@Azhong guo guo fang zong heng
606 0  @a国防建设@x研究@y中国
606 0  @a国防建设
690    @aE25@v4
701  0 @a刘朝福@Aliu chao fu@4主编
701  0 @a季广智@Aji guang zhi@4主编
801  0 @aCN@bLZJBOOK@c20070709
905    @a10447@dE25@e10=2
    
    筑起新世纪的长城:中国国防纵横/刘朝福,季广智编著.-修订版.-乌鲁木齐:新疆青少年出版社,2005
    274页:照片;21cm
    
    
    ISBN 7-5371-3565-7:CNY22.00
    本书以翔实的史事,论述了国家与国防的关系、党的三代领导核心的国防建设思想,回顾了中国国防的发展,阐明了全社会每一位公民在国防建设中的职责、义务、权利和中国国防动员的思想、形象,展望了走向21世纪的中国现代国防建设的远大目标。
●
相关链接 在E读中查询图书 在五车中查询图书 在当当中查询图书 在豆瓣中查询图书


正题名:筑起新世纪的长城     索取号:E25/10=2         预约/预借

序号 登录号 条形码 馆藏地/架位号 状态 备注
1 0556773   205567732   第一样本阅览室/ [索取号:E25/10=2] 在馆    
2 0556774   205567741   第一借阅区/ [索取号:E25/10=2] 在馆    
3 0556775   205567750   第一借阅区/ [索取号:E25/10=2] 在馆    
4 0556776   205567769   第一借阅区/ [索取号:E25/10=2] 在馆    
5 0556777   205567778   第一借阅区/ [索取号:E25/10=2] 在馆    
6 0556778   205567787   第一借阅区/ [索取号:E25/10=2] 在馆    
7 0556779   205567796   第一借阅区/ [索取号:E25/10=2] 在馆    
8 0556780   205567803   第一借阅区/ [索取号:E25/10=2] 在馆    
唐山师范学院图书馆 欢迎您!
大连网信软件有限公司© 版权所有